Statistics for Countries that Start with A - Shape Quiz

Click here to take the quiz!

General Stats

  • This quiz has been taken 1,392 times
    (447 since last reset)
  • The average score is 10 of 11

Answer Stats

Country % Correct
Australia
100%
Argentina
97%
Austria
94%
Algeria
92%
Angola
90%
Afghanistan
87%
Antigua and Barbuda
86%
Azerbaijan
85%
Albania
85%
Armenia
84%
Andorra
75%

Score Distribution

Percentile by Number Answered

Percent of People with Each Score

Your Score History

You have not taken this quiz since the last reset